Statistics for Arrested Development Trivia

Click here to take the quiz!

General Stats

  • This quiz has been taken 338 times
  • The average score is 11 of 15

Answer Stats

HintAnswer% Correct
Main Character's Last NameBluth
100%
Main Character's FatherGeorge
100%
Main Character's First NameMichael
100%
Main Character's Son's NameGeorge Michael
99%
Main Character's Older BrotherGob
99%
Main Character's Younger BrotherBuster
96%
Main Character's Brother In-LawTobias
95%
There's Always Money in the ______ _____!Banana Stand
93%
Main Character's "Twin" SisterLindsay
93%
Main Character's MotherLucille
93%
Main Character's Adopted Korean BrotherAnnyong
60%
Main Character's Thought to Be Older SisterNellie
47%
Lying ProsecutorMaggie
35%
News Announcer Who Makes Many AppearancesJohn Beard
19%
Don't Let Them Kill ____ ______!Baby Buster
13%

Score Distribution

Percentile by Number Answered

Percent of People with Each Score

Your Score History

You have not taken this quiz